000 00429nam a2200145Ia 4500
008 151213s9999 xx 000 0 und d
100 _aC. N. Sharker Rao
245 _aSociology : Primary Principle of Sociology With Introduction to Social Thought
_cC. N. Sharker Rao
250 _a3rd
260 _aNew Dilhi
_bS. Chand
_c-
300 _a1954 p.
650 _aSocial Science
700 _aC. N. Sharker Rao
999 _c1428
_d1428